<?xml version="1.0" encoding="UTF-8"?><marc:collection xmlns:marc="http://www.loc.gov/MARC21/slim">
  <marc:record>
    <marc:leader>00000nam  2200000zi 4500</marc:leader>
    <marc:controlfield tag="001">9.907082</marc:controlfield>
    <marc:controlfield tag="003">CaOODSP</marc:controlfield>
    <marc:controlfield tag="005">20240214112716</marc:controlfield>
    <marc:controlfield tag="006">m     o  d f      </marc:controlfield>
    <marc:controlfield tag="007">cr cn|||||||||</marc:controlfield>
    <marc:controlfield tag="008">220119e202203  oncab   ob   f000 0 fre d</marc:controlfield>
    <marc:datafield tag="020" ind1=" " ind2=" ">
      <marc:subfield code="a">9780660417011</marc:subfield>
    </marc:datafield>
    <marc:datafield tag="040" ind1=" " ind2=" ">
      <marc:subfield code="a">CaOODSP</marc:subfield>
      <marc:subfield code="b">fre</marc:subfield>
      <marc:subfield code="e">rda</marc:subfield>
      <marc:subfield code="c">CaOODSP</marc:subfield>
    </marc:datafield>
    <marc:datafield tag="043" ind1=" " ind2=" ">
      <marc:subfield code="a">n-cn---</marc:subfield>
    </marc:datafield>
    <marc:datafield tag="086" ind1="1" ind2=" ">
      <marc:subfield code="a">H144-99/2022F-PDF</marc:subfield>
    </marc:datafield>
    <marc:datafield tag="245" ind1="0" ind2="0">
      <marc:subfield code="a">Exposition à la pollution atmosphérique liée à la circulation automobile au Canada : </marc:subfield>
      <marc:subfield code="b">une évaluation de la proximité des populations aux routes.</marc:subfield>
    </marc:datafield>
    <marc:datafield tag="264" ind1=" " ind2="1">
      <marc:subfield code="a">Ottawa (Ontario) : </marc:subfield>
      <marc:subfield code="b">Santé Canada = Health Canada, </marc:subfield>
      <marc:subfield code="c">mars 2022.</marc:subfield>
    </marc:datafield>
    <marc:datafield tag="264" ind1=" " ind2="4">
      <marc:subfield code="c">©2022</marc:subfield>
    </marc:datafield>
    <marc:datafield tag="300" ind1=" " ind2=" ">
      <marc:subfield code="a">1 ressource en ligne (ix, 72 pages) : </marc:subfield>
      <marc:subfield code="b">illustrations en couleur, cartes en couleur</marc:subfield>
    </marc:datafield>
    <marc:datafield tag="336" ind1=" " ind2=" ">
      <marc:subfield code="a">texte</marc:subfield>
      <marc:subfield code="b">txt</marc:subfield>
      <marc:subfield code="2">rdacontent/fre</marc:subfield>
    </marc:datafield>
    <marc:datafield tag="337" ind1=" " ind2=" ">
      <marc:subfield code="a">informatique</marc:subfield>
      <marc:subfield code="b">c</marc:subfield>
      <marc:subfield code="2">rdamedia/fre</marc:subfield>
    </marc:datafield>
    <marc:datafield tag="338" ind1=" " ind2=" ">
      <marc:subfield code="a">ressource en ligne</marc:subfield>
      <marc:subfield code="b">cr</marc:subfield>
      <marc:subfield code="2">rdacarrier/fre</marc:subfield>
    </marc:datafield>
    <marc:datafield tag="500" ind1=" " ind2=" ">
      <marc:subfield code="a">Le fichier de publication original en format PDF a été remplacé avec une version accessible le 14-02-2024 à la requête de Santé Canada.</marc:subfield>
    </marc:datafield>
    <marc:datafield tag="500" ind1=" " ind2=" ">
      <marc:subfield code="a">Publié aussi en anglais sous le titre : Exposure to traffic-related air pollution in Canada : an assessment of population proximity to roadways.</marc:subfield>
    </marc:datafield>
    <marc:datafield tag="500" ind1=" " ind2=" ">
      <marc:subfield code="a">« Pub. : 210608. »</marc:subfield>
    </marc:datafield>
    <marc:datafield tag="504" ind1=" " ind2=" ">
      <marc:subfield code="a">Comprend des références bibliographiques.</marc:subfield>
    </marc:datafield>
    <marc:datafield tag="520" ind1=" " ind2=" ">
      <marc:subfield code="a">« Le présent rapport actualise des estimations antérieures de la proximité de la population aux routes à circulation élevée (RCE) comme substitut pour l'exposition à la PACA au Canada. On présume que les conditions routières sur les RCE influencent les concentrations environnantes de polluants atmosphériques; les RCE comprennent les routes express, les autoroutes, les routes de dégagement et les routes principales. Voici les objectifs du rapport : estimer la taille des populations vivant à proximité de RCE à plusieurs niveaux géographiques; déterminer si certains groupes d'âge sont plus susceptibles de vivre à proximité de RCE; déterminer si certains groupes de statut socioéconomique (SSE) sont plus susceptibles de vivre à proximité de RCE; estimer la proportion des établissements d'enseignement et des établissements de soins de longue durée établis à proximité de RCE; indiquer de quelle façon les approches de proximité peuvent être envisagées pour l'élaboration de politiques en vue de réduire l'exposition à la PACA et son fardeau pour la santé » -- Résumé, page 2.</marc:subfield>
    </marc:datafield>
    <marc:datafield tag="650" ind1=" " ind2="6">
      <marc:subfield code="a">Air</marc:subfield>
      <marc:subfield code="x">Pollution</marc:subfield>
      <marc:subfield code="x">Aspect sanitaire</marc:subfield>
      <marc:subfield code="z">Canada.</marc:subfield>
    </marc:datafield>
    <marc:datafield tag="650" ind1=" " ind2="6">
      <marc:subfield code="a">Automobiles</marc:subfield>
      <marc:subfield code="x">Moteurs</marc:subfield>
      <marc:subfield code="x">Gaz d'échappement</marc:subfield>
      <marc:subfield code="x">Aspect sanitaire</marc:subfield>
      <marc:subfield code="z">Canada.</marc:subfield>
    </marc:datafield>
    <marc:datafield tag="650" ind1=" " ind2="6">
      <marc:subfield code="a">Routes</marc:subfield>
      <marc:subfield code="x">Aspect sanitaire</marc:subfield>
      <marc:subfield code="z">Canada.</marc:subfield>
    </marc:datafield>
    <marc:datafield tag="710" ind1="1" ind2=" ">
      <marc:subfield code="a">Canada. </marc:subfield>
      <marc:subfield code="b">Santé Canada, </marc:subfield>
      <marc:subfield code="e">organismes de publication.</marc:subfield>
    </marc:datafield>
    <marc:datafield tag="775" ind1="0" ind2="8">
      <marc:subfield code="t">Exposure to traffic-related air pollution in Canada : </marc:subfield>
      <marc:subfield code="w">(CaOODSP)9.907080</marc:subfield>
    </marc:datafield>
    <marc:datafield tag="856" ind1="4" ind2="0">
      <marc:subfield code="q">PDF</marc:subfield>
      <marc:subfield code="s">1.71 Mo</marc:subfield>
      <marc:subfield code="u">https://publications.gc.ca/collections/collection_2022/sc-hc/H144-99-2022-fra.pdf</marc:subfield>
    </marc:datafield>
  </marc:record>
</marc:collection>
